LIBRARY & INFORMATION CENTRE, KCAET, TAVANUR

ONLINE PUBLIC ACCESS CATALOGUE (OPAC)

Report of the Education Commission (Record no. 5374)

MARC details
000 -LEADER
fixed length control field 00264cam a2200097ua 4500
082 ## - DEWEY DECIMAL CLASSIFICATION NUMBER
Classification number 028.7437
Item number MIN/RE
245 ## - TITLE STATEMENT
Title Report of the Education Commission
260 ## - PUBLICATION, DISTRIBUTION, ETC. (IMPRINT)
Place of publication New Delhi :
Name of publisher Ministry of Education, Government of India ,
Year of publication 1966.
300 ## - PHYSICAL DESCRIPTION
Number of Pages 692 ; .
942 ## - ADDED ENTRY ELEMENTS (KOHA)
Koha item type Books
Holdings
Withdrawn status Lost status Damaged status Home library Current library Date acquired Full call number Accession Number Koha item type
Withdrawn     KAUAET KAUAET 07/04/2012 028.7437 11316 Reference
free website counter